Výkonnosť strategických podnikov
Konflikt záujmov v strategickom podniku. Organizačný vývoj strategického podniku. Typické črty strategického podniku. Meranie výkonnosti strategických podnikov. Využívanie finančných mier výkonnosti. Využívanie nefinančných mier výkonnosti.
Salvato in:
| Autore principale: | |
|---|---|
| Natura: | Capitolo di libro |
| Lingua: | slovacco |
| Soggetti: | |
| Tags: |
Nessun Tag, puoi essere il primo ad aggiungerne!!
|
MARC
| LEADER | 00000naa$a2200000$$$4500 | ||
|---|---|---|---|
| 001 | 0069858 | ||
| 005 | 20240503101234.6 | ||
| 041 | 0 | |a slo | |
| 044 | |a SK | ||
| 245 | 1 | 0 | |a Výkonnosť strategických podnikov |c Lenka Dubovická |
| 520 | |a Konflikt záujmov v strategickom podniku. Organizačný vývoj strategického podniku. Typické črty strategického podniku. Meranie výkonnosti strategických podnikov. Využívanie finančných mier výkonnosti. Využívanie nefinančných mier výkonnosti. | ||
| 610 | 2 | 0 | |a výkonnosť |
| 610 | 2 | 0 | |a podnik strategický |
| 610 | 2 | 0 | |a Slovensko |
| 100 | 1 | |a Dubovická, Lenka | |